Quizzes
Events
Quiz Creation
Community
Videos
Private Events
Remove Ads
Sign In
Join for FREE
Feedback
Dark Mode
Quiz Categories
Sports
Geography
Music
Movies
Television
Just For Fun
Miscellaneous
History
Literature
Language
Science
Gaming
Entertainment
Religion
Holiday
For Kids
Quiz Lab
Recent
Popular Today
Quiz Kudos Today
Editor Picks
Curator Picks
Quizzes by...
Day
Popularity
Type
Ratings
Length
Year
Community
Subscriptions
Recent Discussions
Orange Saloon
Badges
Playlists
Quests
Create
Leaderboards
Showdown
Live 5
Trivia Bingo
Activity
Puzzle Library
Sporcle Events
Private Events
Virtual Trivia
Globe League
Become a Host
Pub Owners
SporcleCon
Opinionation
Our Games
Videos
Blog
Mobile Apps
Partnerships
Remove Ads and Go Orange
Feedback
Sports
Athletes
MLB
NBA
NHL
NFL
Soccer
Sports Teams
WWE
NCAA
Football
Premier League
Basketball
Baseball
Hockey
Golf
Tennis
Cricket
Rugby
Auto Racing
Olympics
World Cup
Sports
Athletes
MLB
NBA
NHL
NFL
Soccer
Sports Teams
WWE
NCAA
Football
Premier League
Basketball
Baseball
Hockey
Golf
Tennis
Cricket
Rugby
Auto Racing
Olympics
World Cup
Random Quiz
Search Sporcle
×
Quiz Lab
Quiz Lab
Sports
NFL
Type in answers that appear in a list
Type in answers that appear in a list
Classic
Best Score? Go Orange.
NFL Active Receiving Yards Leaders Stats
Can you name the Top 25 Active NFL Receiving Yards Leaders?
By
whodeyreds90
7m
25 Questions
13.3K Plays
13,338 Plays
13,338 Plays
Comments
Comments
Give Quiz Kudos
Give Quiz Kudos
-
- Ratings
hide this ad
More Info
Replay
Link that replays current quiz
Next Quiz
Link to next quiz in quiz playlist
You Got
0%
They Got
Avg Score
84%
Avg Friend Score
Upgrade to see
Score Distribution
Jump to the score distribution portion of the page
Score
0/25
Timer
07:00
1
Play Today
Yards
Player
% Correct
13,703
Julio Jones
98.3%
10,139
Tyreek Hill
97.8%
7,386
Marvin Jones
97.2%
10,781
Davante Adams
96.7%
12,355
DeAndre Hopkins
95.1%
6,690
Chris Godwin
94.5%
7,066
Cooper Kupp
93%
11,328
Travis Kelce
92.7%
6,569
Michael Thomas
92.2%
9,486
Amari Cooper
91.9%
6,274
George Kittle
91.6%
7,994
Tyler Lockett
91.4%
11,680
Mike Evans
91.2%
Yards
Player
% Correct
6,565
D.J. Moore
90.9%
7,932
Odell Beckham Jr.
90.1%
10,530
Keenan Allen
89.7%
7,696
Adam Thielen
88.8%
9,273
Brandin Cooks
83.2%
6,000
Tyler Boyd
83%
9,995
Stefon Diggs
80.4%
7,028
Allen Robinson
76.1%
8,545
Jimmy Graham
75.3%
8,030
Robert Woods
74.7%
7,434
Zach Ertz
71.8%
7,624
Randall Cobb
71%
Quiz Playlist
Details
Report
Send in Message
Add To Playlist
More Info:
Updated January 8, 2024
Classic:
Type in answers that appear in a list
Quiz Source
Last Updated: Jan 8, 2024
Quiz Scoreboard
CHALLENGE
Sign Up to Join the Scoreboard
Show All
Scores
Hide
Comments
May contain spoilers
Recently Published
Movies - When Are They Set?
by FPL_Elf
Movies
5m
Popular People in 1961
by mucciniale
History
6m
1-10 Letter E Words III
by El_Dandy
Language
2m
More to Explore
Quiz From the Vault
Featured Blog Post
Where Did the Easter Bunny Come From?
hide this ad
You Might Also Like...
Tags
NFL Quiz
Active
Rushing
Rushing Leaders
Rushing Yards
Top 25
Today's Top Quizzes in Sports
Browse Sports
hide this ad
Today's Top Quizzes in NFL
Browse NFL
Top Contributed Quizzes in Sports
1
Les meilleurs buteurs des matchs entre le PSG et l’OM
2
FIFA Club World Cup Champions
3
Les entraîneurs de l'OM et du PSG au 21e siècle
4
2022 World Cup Stars
5
Name the Premier League winners with different clubs
6
La finale Lions - Afrique du Sud 2021
7
Criteria MLB: Left Handed Sluggers
8
Les joueurs passés par le LOSC et le RC Lens
9
Players with Multiple 50 Home Run Seasons
10
MLB Players with Two .350 Batting Average Seasons
Explore More
Trending Topics
NBA
Marvel
Harry Potter
Anime
Disney
Kpop
Crossword
Country
Soccer
NFL
Song
Pokémon
The Office
Puzzle
WWE
hide this ad
More By:
whodeyreds90
Quiz
Plays
Rating
Category
Featured
Created
NFL Receiving Leaders by Yardage (2016-2020)
75,149
4.68
Sports
Jul 21, 2015
NFL Team Passing Leaders by Season (2010s)
67,844
4.88
Sports
Jul 17, 2015
NFL Active Passing Yards Leaders
64,932
4.35
Sports
May 10, 2016
MLB Top 50 Active HR Leaders
58,541
4.53
Sports
Mar 1, 2016
NHL Top 25 Active Goal Scorers
51,140
4.45
Sports
Mar 23, 2016
Go to Creator's Profile
Score Distribution
Quiz Creator Spotlight
whodeyreds90
Follow
Send a Message
Quizzes Created
-
Created Quiz Play Count
-
More By This Creator
Popular Quizzes Today
1
Find the Countries of Europe - No Outlines Minefield
2
Find the US States - No Outlines Minefield
3
The Countries of the World
4
Popular People in 1961
5
US States
6
1-10 Letter E Words III
7
Find the US States
8
One Thing in Common: World Cities II
More Sports Quizzes
MLB 2022 Team Leaders (Pitching)
Curator's Pick
Trending Quizzes
Risky Map Clicking: Least Populous States A-Z
1-10 Letter F Words
Humor Books: The Subtitles
1-10 Letter G Words
One Thing in Common: United Kingdom
Recently Updated
Leaping Animals
pecheneg
Reality TV Shows (A-Z)
bhenderson79
Rickey Henderson's Hall of Fame Teammates
pecheneg
Champions League XIs: Arsenal
pecheneg
Quick Pick: Celebrities in WWE's Hall of Fame
aduchscher
A-Z Keypad Blitz II
pecheneg
Multiple Oscar Actors
pecheneg
Mystery Phrase Blitz: Oscar 'Best Actors'
pecheneg
F. Scott Fitzgerald Novels
LTH
Pick 3 Villains
ddd62291
Trending Topics
Crossword
Kpop
NBA
Harry Potter
Disney
Marvel
Anime
WWE
Song
The Office
NFL
Soccer
Country
Puzzle
Pokémon
Your Account Isn't Verified!
In order to create a playlist on Sporcle, you need to verify the email address you used during registration. Go to your
Sporcle Settings
to finish the process.
Report this User
Report this user for behavior that violates our
Community Guidelines
.
Details:
Send Report
Go to the Sporcle.com Mobile Site →
Comments